| 000 | 00540nam a2200169Ia 4500 | ||
|---|---|---|---|
| 008 | 140626s9999 xx 000 0 und d | ||
| 100 | _aCrist, Janice. | ||
| 245 |
_aRecruiting hospitalized Mexican American elder adults and caregivers : _bchallenges and strategies / _cJanice Crist ... [et al.]. |
||
| 260 | _cc2013. | ||
| 300 | _a6 : 1, page 22 | ||
| 440 | _aResearch in Gerontological Nursing | ||
| 521 | _aNUR | ||
| 650 | _aElder adults. | ||
| 650 | _aEthnic minority. | ||
| 650 | _aHospital strategies/protocols. | ||
| 942 | _cSE | ||
| 999 |
_c121449 _d121449 |
||